<?xml version="1.0" encoding="UTF-8"?>
<record
    xmlns:xsi="http://www.w3.org/2001/XMLSchema-instance"
    xsi:schemaLocation="http://www.loc.gov/MARC21/slim http://www.loc.gov/standards/marcxml/schema/MARC21slim.xsd"
    xmlns="http://www.loc.gov/MARC21/slim">

  <leader>02311nam a2200313 a 4500</leader>
  <controlfield tag="001">BRCA_2379</controlfield>
  <controlfield tag="005">20190320203800.0</controlfield>
  <controlfield tag="008">071108s1874----sp-#---###---#000-0#spa-u</controlfield>
  <datafield tag="041" ind1=" " ind2=" ">
    <subfield code="a">spa</subfield>
  </datafield>
  <datafield tag="044" ind1=" " ind2=" ">
    <subfield code="a">sp</subfield>
  </datafield>
  <datafield tag="084" ind1=" " ind2=" ">
    <subfield code="a">020</subfield>
    <subfield code="b">.L67</subfield>
    <subfield code="c">1871 F1615</subfield>
  </datafield>
  <datafield tag="100" ind1="1" ind2=" ">
    <subfield code="a">Cervantes Saavedra, Miguel de</subfield>
    <subfield code="d">1547-1616</subfield>
    <subfield code="9">213</subfield>
  </datafield>
  <datafield tag="245" ind1="1" ind2="0">
    <subfield code="a">La primera edici&#xF3;n del Ingenioso Hidalgo Don Quijote de la Mancha</subfield>
    <subfield code="b">segunda parte, reproducida en facs&#xED;mile</subfield>
    <subfield code="c">compuesto por Miguel de Cervantes Saavedra.</subfield>
  </datafield>
  <datafield tag="260" ind1=" " ind2=" ">
    <subfield code="a">Barcelona</subfield>
    <subfield code="b">Francisco L&#xF3;pez Fabra</subfield>
    <subfield code="c">1871</subfield>
  </datafield>
  <datafield tag="300" ind1=" " ind2=" ">
    <subfield code="a">1 v. (sin paginaci&#xF3;n)</subfield>
    <subfield code="c">29 cm.</subfield>
  </datafield>
  <datafield tag="500" ind1=" " ind2=" ">
    <subfield code="a">Contenido : Portada con el escudo y el lema Post tenebras spero lucem. Tasa. Aprovaci&#xF3;n del Dr. Gutierre Cetina. Aprovaci&#xF3;nde M. Joseph Valdivieso. Aprovaci&#xF3;n del Lic. Marqu&#xE9;z Torres. Privilegio. Pr&#xF3;logo del autor. Dedicatoria del autor al Conde de Lemos. Texto. Fe de erratas</subfield>
  </datafield>
  <datafield tag="500" ind1=" " ind2=" ">
    <subfield code="a">Edici&#xF3;n : Reproducida en facs&#xED;mile por la foto-tipograf&#xED;a y publicado por su inventor el Coronel Francisco L&#xF3;pez Fabra</subfield>
  </datafield>
  <datafield tag="500" ind1=" " ind2=" ">
    <subfield code="a">Facs&#xED;mil de : Segunda parte del ingenioso cavallero Don Quixote de la Mancha. Madrid: Juan de la Cuesta, 1615</subfield>
  </datafield>
  <datafield tag="500" ind1=" " ind2=" ">
    <subfield code="a">Primer facs&#xED;mile de la segunda parte de la edici&#xF3;n pr&#xED;ncipe, elaborado por Francisco L&#xF3;pez Fabra, en Barcelona, durante los a&#xF1;os de 1871-73. Tiene bastantes erratas y, sobre todo, muchas faltas de puntuaci&#xF3;n. Estando ya hecha la edici&#xF3;n pr&#xED;ncipe, mando la Inquisici&#xF3;n expurgar las palabras que profieren la Duquesa en el cap&#xED;tulo 36: Y advierta Sancho, que las obras de caridad que se hacen tibia y flojamente no tienen m&#xE9;rito, ni valen nada. Pero se escaparon del expurgo algunos ejemplares que hab&#xED;an salido ya de las prensas, y entre ellos el que sirvio al Sr. L&#xF3;pez Fabra para hacer su fotocopia. Hermoso ejemplar, encuadernado en pergamino; con florones y filetes dorados en lomo y planos L&#xFA;dovik Osterc</subfield>
  </datafield>
  <datafield tag="500" ind1=" " ind2=" ">
    <subfield code="a">Existencias : Ejemplar foleado con el n&#xFA;mero 7</subfield>
  </datafield>
  <datafield tag="500" ind1=" " ind2=" ">
    <subfield code="a">QM117</subfield>
  </datafield>
  <datafield tag="650" ind1="1" ind2="4">
    <subfield code="a">Novela espa&#xF1;ola</subfield>
    <subfield code="y">&#xC9;poca cl&#xE1;sica, 1500-1700</subfield>
    <subfield code="9">215</subfield>
  </datafield>
  <datafield tag="650" ind1="1" ind2="4">
    <subfield code="a">Literatura espa&#xF1;ola</subfield>
    <subfield code="y">&#xC9;poca cl&#xE1;sica, 1500-1700</subfield>
    <subfield code="9">216</subfield>
  </datafield>
  <datafield tag="650" ind1="1" ind2="4">
    <subfield code="a">Novela espa&#xF1;ola</subfield>
    <subfield code="y">Siglo XVII</subfield>
    <subfield code="9">217</subfield>
  </datafield>
  <datafield tag="650" ind1="1" ind2="4">
    <subfield code="a">Don Quijote (Personaje ficticio)</subfield>
    <subfield code="e">Novela</subfield>
    <subfield code="9">218</subfield>
  </datafield>
  <datafield tag="740" ind1="0" ind2=" ">
    <subfield code="a">El Ingenioso Hidalgo Don Quijote de la Mancha</subfield>
  </datafield>
  <datafield tag="902" ind1=" " ind2=" ">
    <subfield code="a">QFM</subfield>
  </datafield>
  <datafield tag="942" ind1=" " ind2=" ">
    <subfield code="2">lcc</subfield>
    <subfield code="c">B</subfield>
  </datafield>
  <datafield tag="999" ind1=" " ind2=" ">
    <subfield code="c">2120</subfield>
    <subfield code="d">2120</subfield>
  </datafield>
  <datafield tag="952" ind1=" " ind2=" ">
    <subfield code="0">0</subfield>
    <subfield code="1">0</subfield>
    <subfield code="4">0</subfield>
    <subfield code="7">0</subfield>
    <subfield code="a">BRCA</subfield>
    <subfield code="b">BRCA</subfield>
    <subfield code="d">2008-11-07</subfield>
    <subfield code="i">QM117</subfield>
    <subfield code="l">0</subfield>
    <subfield code="o">020 .L67 1871 F1615 (QM117)</subfield>
    <subfield code="p">2376</subfield>
    <subfield code="r">2019-03-22 00:00:00</subfield>
    <subfield code="w">2019-03-22</subfield>
    <subfield code="y">B</subfield>
  </datafield>
</record>
